000 00669nam a22002417a 4500
003 UA-OsUOA
001 43435
007 ta
008 20061222b un ||||| |||| 00| 0 ukr d
100 _aКоваленко Л.
090 _a821.161.2
_bК56
942 _cBK
040 _aUA-OsUOA
_bukr
_cUA-OsUOA
_dUA-OsUOA
245 _aЇї окрадену збудили
_bРоман
300 _a240 с.
955 _a3
041 _aukr
080 _a821.161.2
260 _aВінніпег
_bТризуб
_c1968
246 3 1 _a3
_nНаша не своя земля
650 7 _a82 Література. Літературознавство
_2UDC
999 _c329565
_d329565